000 00379nam a2200133Ia 4500
008 151001s9999||||xx |||||||||||||| ||und||
100 _aध रा गाला
245 _aउपवास करा आणि निरोगी व्हा
250 _a3
260 _bगाला पब्लिशर्स
260 _c1991
300 _a47
365 _b21
999 _c969913
_d969910